000 00270nam a2200121 a 4500
005 20141022142005.0
008 080922s19uu xx 00 eng d
050 _aVCD
_bN66 2000
245 _aNot one less.
650 _aVCD.
650 _aNot one less.
942 _cAVM
999 _c276473
_d276473